Mutiara Indah (Record no. 1018)

000 -LEADER
fixed length control field nam a22 a 4500
005 - DATE AND TIME OF LATEST TRANSACTION
control field 20170508104828.0
008 - FIXED-LENGTH DATA ELEMENTS--GENERAL INFORMATION
fixed length control field 170508s1959 my ||||| |||| 00| 0 may d
040 ## - CATALOGING SOURCE
Original cataloging agency AKMAL
082 ## - DEWEY DECIMAL CLASSIFICATION NUMBER
Classification number 297.2 ISA
090 ## - LOCALLY ASSIGNED LC-TYPE CALL NUMBER (OCLC); LOCAL CALL NUMBER (RLIN)
Classification number (OCLC) (R) ; Classification number, CALL (RLIN) (NR) 297.2
Local cutter number (OCLC) ; Book number/undivided call number, CALL (RLIN) ISA
245 ## - TITLE STATEMENT
Title Mutiara Indah
260 ## - PUBLICATION, DISTRIBUTION, ETC.
Place of publication, distribution, etc. Kuala Lumpur
Name of publisher, distributor, etc. Bahagian Agama, Jabatan Perdana Menteri
Date of publication, distribution, etc. 1985-
300 ## - PHYSICAL DESCRIPTION
Extent j.
Dimensions 18cm
500 ## - GENERAL NOTE
General note Tak tetap
599 ## - LOCAL NOTE
Local Note DALAM PROSES
650 ## - SUBJECT ADDED ENTRY--TOPICAL TERM
Topical term or geographic name entry element Islam
Form subdivision Periodicals
9 (RLIN) 2126
942 ## - ADDED ENTRY ELEMENTS (KOHA)
Source of classification or shelving scheme
Koha item type Book
Holdings
Withdrawn status Lost status Source of classification or shelving scheme Damaged status Not for loan Collection code Home library Current library Shelving location Date acquired Inventory number Total Checkouts Full call number Barcode Date last seen Price effective from Koha item type
          NON-FICTION AKMAL Melaka AKMAL Melaka PINJAMAN 08.05.2017 200047   297.2 ISA 201701989 08.05.2017 08.05.2017 Book
          NON-FICTION AKMAL Melaka AKMAL Melaka PINJAMAN 08.05.2017 200112   297.2 ISA 201701990 08.05.2017 08.05.2017 Book
Pusat Sumber Maklumat Dato' Haji Sarmin Md Hussin, Akademi Kastam Diraja Malaysia, Melaka
Tel: 06-2331106 | Faks: 06-2313787